[Event "EU-ch 2nd"]
[Site "Ohrid"]
[Date "2001.06.02"]
[Round "2"]
[White "Kutirov, Rolando"]
[Black "Turov, Maxim"]
[Result "1-0"]
[WhiteElo "2381"]
[BlackElo "2553"]
[Annotator "Ftacnik,L"]
[PlyCount "67"]
[EventDate "2001.06.01"]
[EventType "swiss"]
[EventRounds "13"]
[EventCountry "YUG"]
[SourceTitle "CBM 084"]
[Source "ChessBase"]
[SourceDate "2001.09.13"]
[SourceVersion "1"]
[SourceVersionDate "2001.09.13"]
[SourceQuality "1"]

1. d4 Nf6 2. c4 g6 3. g3 Bg7 4. Bg2 d5 5. cxd5 Nxd5 6. e4 Nb4 7. d5 c6 8. Ne2
O-O 9. a3 N4a6 10. O-O Nd7 11. Nbc3 cxd5 12. exd5 Ne5 13. h3 Bd7 (13... Nc4 14.
b3 Nd6 15. Be3 (15. Bf4 Bd7 16. Rc1 Qa5 17. Nb1 (17. a4 Rfc8 18. Bd2 Qd8 19. g4
Rc7 20. Ng3 Rac8 21. Nce4 {1-0 Ilincic,Z-Ftacnik,L/Herzeg Novi/2001/ (44)})
17... Rfc8 18. Bg5 Rxc1 19. Nxc1 Bf5 20. Bxe7 Nc8 21. d6 Nxe7 22. dxe7 Re8 {
1/2-1/2 Zaichik,G-Kudrin,S/Philadelphia/1993/ (27)}) 15... Nf5 (15... Bd7 16.
Bd4 Bxd4 17. Qxd4 Qb6 18. Qxb6 axb6 19. Nd4 Rfc8 20. Rfc1 Nc5 21. Nce2 Bb5 {
0-1 Dautov,R-Hracek,Z/GER/2001/ (88)}) 16. Bf4 Bd7 17. b4 Nc7 18. Rc1 Nb5 19.
Nxb5 Bxb5 20. a4 Bxe2 21. Qxe2 Nd6 {1/2-1/2 Mozny,M-Pares Vives,J/Prague 1990/
(42)}) (13... Bf5 14. Nd4 Bd3 15. Re1 Bc4 16. b3 Nd3 17. Re4 Bxd5 18. Nxd5 Qxd5
19. Rh4 Qd6 20. Qxd3 e5 21. Qb5 exd4 22. Bxb7 d3 {0-1 Merino Garcia,
R-Fernandez Garcia,J/Torrevieja 1997/ (30)}) 14. b3 $1 Rc8 15. Ra2 Bf5 (15...
Nc5 16. Be3 a5 17. Rd2 $14) 16. Ne4 Bxe4 $6 {There was no real need to give up
the bishop yet, black will have hard time fighting for the equality.} (16...
Nc7 $5 17. Rd2 (17. f4 Nd7 18. d6 (18. Rd2 Nb5 $15) 18... Nb5 19. dxe7 Qxe7 $15
) 17... Nb5 18. Bb2 Bxe4 19. Bxe4 Qd6 20. Qa1 Bf6 $11) 17. Bxe4 Nc5 18. Bg2 Qb6
(18... Qd6 19. Be3 a5 20. Nd4 $14) 19. Be3 Qa6 (19... Qxb3 20. Qxb3 Nxb3 21.
Rb1 Na5 22. Bxa7 $11) 20. Qb1 (20. Nc1 Ned3 21. Qc2 Nxc1 22. Rxc1 b6 23. Qb1
$14) 20... Rfd8 21. Rd1 Ned7 (21... h6 22. Rc2 b6 23. Nd4 Qxa3 24. f4 Ned7 25.
Ra2 Qb4 26. Nc6 $18) 22. a4 Qd6 23. Nd4 Bxd4 (23... a5 24. Rc2 $16) 24. Rxd4 a5
25. b4 $1 {[%mdl 2048] Now the two bishops against two knights definitely need
all the breathing space they can get.} axb4 (25... Qb6 26. Rc4 Rc7 27. Rac2 $16
) 26. Rxb4 Ra8 27. a5 Ra6 (27... Rdc8 28. Bf4 Qf6 29. Rc4 b6 30. a6 Ra7 31.
Rcc2 Rca8 32. d6 Re8 33. dxe7 $16) 28. Rb5 Rda8 (28... b6 29. axb6 Rxb6 30.
Rxb6 Nxb6 31. Bf4 e5 32. Bxe5 Qxe5 33. Qxb6 $16) 29. h4 b6 30. Bf4 $1 Qf6 (
30... Ne5 31. Rxb6 Rxb6 32. axb6 Rb8 33. Qb5 $18) 31. Bg5 (31. d6 Re8 32. axb6
Rxa2 33. Qxa2 exd6 34. b7 $16) 31... Qc3 (31... Qd6 32. Bf4 Qf6 33. d6 $16) 32.
d6 Rc8 $2 (32... Re8 33. axb6 exd6 34. Rxa6 Nxa6 35. Be3 $16) 33. Rc2 Qd3 34.
Bb7 $1 1-0

[Event "MK Cafe Cup-A"]
[Site "Koszalin"]
[Date "1999.08.04"]
[Round "2"]
[White "Tregubov, Pavel V"]
[Black "Kempinski, Robert"]
[Result "1-0"]
[WhiteElo "2609"]
[BlackElo "2549"]
[Annotator "Ftacnik,L"]
[PlyCount "65"]
[EventDate "1999.08.03"]
[EventType "swiss"]
[EventRounds "9"]
[EventCountry "POL"]
[SourceTitle "CBM 073"]
[Source "ChessBase"]
[SourceDate "1999.12.01"]
[SourceVersion "1"]
[SourceVersionDate "1999.12.01"]
[SourceQuality "1"]

1. d4 Nf6 2. c4 g6 3. g3 d5 4. cxd5 Nxd5 5. Bg2 Nb6 6. e4 Bg7 7. Ne2 Nc6 8. d5
Ne5 9. O-O e6 10. Nbc3 exd5 11. exd5 O-O 12. h3 (12. Bf4 Nbc4 13. b3 Nd6 14.
Qd2 Re8 15. Rac1 Bh3 16. Rfe1 Bxg2 17. Kxg2 Qd7 18. Nd4 a6 19. Ne6 fxe6 20.
Bxe5 Bxe5 21. Rxe5 {1-0 Begun,S-Ivanov/Roslavl/1989/ (41)}) (12. b3 Bg4 13. f4
Nec4 14. bxc4 Bxc3 15. Rb1 Nxc4 16. Rxb7 Nb6 17. h3 Bxe2 18. Qxe2 Qc8 19. d6
cxd6 20. f5 {1/2-1/2 Bator,R-Schiller,P/SWE/1993/ (48)}) 12... Bf5 13. b3 Re8
14. Ba3 {Both players have active light pieces, but black's freedom is
restrained by the strong d5 pawn.} (14. Be3 Bd3 15. Qd2 Qf6 16. Rfd1 Ba6 17.
Nd4 Qe7 18. Qc2 Rac8 19. Rac1 c6 20. dxc6 bxc6 21. Nde2 c5 22. Nf4 c4 {0-1
Ulak,S-Kempinski,R/Suwalki/1999/ (33)}) 14... Bd3 15. Rc1 (15. f4 Nec4 16. Qxd3
(16. bxc4 Bxe2 17. Nxe2 Bxa1 $19) 16... Re3 17. Qc2 Nxa3 $15) 15... Ba6 (15...
Qf6 $2 16. f4 Bxe2 17. Nxe2 Ned7 18. Rxc7 $16) 16. Rc2 Qf6 (16... Bd3 17. Rd2
Bf5 18. Nd4 $14) 17. f4 Ned7 (17... Nd3 $2 18. Rf3 $1 $18) 18. Ne4 Qd8 (18...
Qf5 $2 19. g4 Qxd5 20. Nf6+ Nxf6 21. Bxd5 $18) 19. Rf2 {Tregubov can claim
good progress in winning more space for pieces, black's Ba6 is not the best
located piece.} Nf6 (19... f5 $5 20. Ng5 Nf6 21. Nc3 $14) 20. Nxf6+ Bxf6 (20...
Qxf6 21. Rxc7 $16) 21. Nc3 Re3 $2 (21... Be7 22. Bxe7 Qxe7 23. f5 $14) 22. Ne4
Bg7 23. Bc5 Rd3 24. Rfd2 Rxd2 (24... Rxd5 $2 25. Bxb6 Rxd2 26. Rxd2 $18) 25.
Rxd2 Nc8 (25... f5 26. Ng5 Qd7 27. d6 $14) 26. d6 {The difference in the piece
activity is striking, white is right to open the center before Ra8 comes into
play.} Nxd6 $6 (26... cxd6 27. Nxd6 Nxd6 28. Rxd6 Qc7 (28... Qa5 29. b4 $1) 29.
b4 $16) 27. Kh2 Qe8 (27... Rc8 28. Bxa7 $16) 28. Bxd6 cxd6 29. Nxd6 Qe3 (29...
Qe7 30. Nxf7 $1 $18) 30. Nxf7 $1 Rf8 (30... Kxf7 31. Rd7+ Kg8 32. Qd5+ Kh8 33.
Rd8+ $18) 31. Ng5 Kh8 (31... Re8 32. Bd5+ Kf8 33. Nxh7+ Ke7 34. Ng5 $18) 32.
Rd7 Qe8 33. Qd5 (33. Qd5 h6 34. Ne6 $18) 1-0

[Event "URS-ch FL55"]
[Site "Lvov"]
[Date "1987.11.15"]
[Round "8"]
[White "Romanishin, Oleg M"]
[Black "Gavrikov, Viktor"]
[Result "0-1"]
[WhiteElo "2555"]
[BlackElo "2555"]
[Annotator "Ftacnik,L"]
[PlyCount "110"]
[EventDate "1987.11.??"]
[EventType "tourn"]
[EventRounds "17"]
[EventCountry "URS"]
[EventCategory "10"]
[SourceTitle "EXT 2018"]
[Source "ChessBase"]
[SourceDate "2017.10.13"]
[SourceVersion "1"]
[SourceVersionDate "2017.10.13"]
[SourceQuality "1"]

1. d4 Nf6 2. c4 g6 3. g3 Bg7 4. Bg2 d5 5. cxd5 Nxd5 6. e4 Nb4 7. Nf3 {'!?'} (7.
a3 N4c6 8. d5 Nd4 $13) 7... Bxd4 8. O-O Bg7 9. Qa4+ N4c6 10. Rd1 Bd7 (10... Nd7
$13) 11. Nc3 O-O 12. Qa3 {'!'} (12. Qb3 Qc8) 12... Qc8 {'?!'} (12... a5) 13.
Bg5 {'!'} f6 (13... Re8 14. Nd5) (13... Bg4 $5 14. Bxe7 Nxe7 15. Qxe7 Nc6 $132)
14. Be3 Bg4 15. h3 {'!'} Bxf3 16. Bxf3 Nd7 17. b4 {'©!'} (17. Bg4 f5 18. exf5
gxf5 19. Bf3 $13) 17... e6 18. Bg2 (18. Be2 $5) 18... Re8 19. Qb3 a6 20. Rac1
Kh8 21. a3 {'?!'} (21. f4) 21... Nf8 22. h4 (22. Na4 $1) 22... Ne5 {'!'} 23.
Na4 Ned7 24. Bb6 {'?'} (24. Bh3 $5 f5 25. Bd4) (24. Bf4 $5 c6 25. Bd6) 24... c6
25. Bh3 {'?!'} (25. f4 $142) 25... f5 {'=/+!'} 26. Bd4 Qc7 {'!'} 27. Bxg7+ (27.
exf5 $5 gxf5 (27... exf5 28. Qf7) 28. Bxg7+ Kxg7 29. Re1) 27... Kxg7 28. Qb2+
Kg8 29. exf5 exf5 30. Nc5 (30. Bf1 $5 Qe5 31. Qb3+ Kh8 32. Nb2 $5) 30... Nxc5
31. bxc5 Rad8 {'?!'} (31... Qg7) 32. Rd6 {'!'} Qg7 33. Qb3+ {'?!'} (33. Qb6 $5)
(33. Qxg7+ Kxg7 34. Rb1 $1 $44) 33... Kh8 34. Rcd1 Rc8 {'!'} 35. Qb6 Re7 36.
Rd8 Rxd8 37. Qxd8 (37. Rxd8 $5) 37... h5 {'!'} 38. Bf1 {'!'} Kh7 39. Bc4 Re5 {
'!'} (39... Nd7 $4 40. Bg8+ $1 Kh6 41. Rxd7 $1 $18) (39... Rd7 $2 40. Rxd7 Nxd7
41. Bg8+ $1 Qxg8 42. Qxd7+ Qg7 43. Qc8 $10) 40. Qd6 Qe7 {'-/+'} 41. a4 (41. Qb8
Rxc5 42. Rd8 (42. Bb3 Rc3 43. Rd8 Rxb3 44. Rxf8 Qg7 45. Qe8 Rb1+ 46. Kh2 Re1 $1
) 42... Rxc4 43. Rxf8 Qg7 44. Rc8 Rd4) (41. Qxe7+ Rxe7 42. Rb1 $17) 41... Qxd6
42. cxd6 Re8 {'!'} 43. Rb1 (43. a5 Nd7 44. Bf7 (44. Rb1 Nc5) 44... Rf8 $1 45.
Ba2 Rd8 46. Re1 Kh6 $1 47. Re7 (47. f3 Nc5 48. Re5 Rxd6 $1 49. Rxc5 Rd1+ $19)
47... Nc5 48. Re5 Ne4 $19) 43... b5 44. Bf1 Rd8 45. Rd1 Kg7 46. Bg2 c5 47. Bb7
(47. axb5 axb5 48. Bc6 Ne6 $5 (48... b4) 49. Bxb5 Nd4 50. Bc4 Rxd6) 47... bxa4
48. Bxa6 Kf6 49. Bb5 a3 50. d7 {'?'} (50. Ra1 Rxd6 51. Rxa3) 50... Nxd7 {'!'}
51. Ra1 (51. Bxd7 a2 52. Kf1 Rxd7 $19) (51. Rd6+ Ke7 52. Ra6 Nb6 $1 53. Rxa3 (
53. Rxb6 Rd1+ 54. Kg2 a2) 53... c4 $19) 51... Nb6 52. Rxa3 c4 {'!'} 53. Ra6 Rd6
54. Ba4 {'?'} Ke5 55. Be8 c3 0-1

[Event "Srajber Memorial 08th"]
[Site "Subotica"]
[Date "2003.11.29"]
[Round "2"]
[White "Ilincic, Zlatko"]
[Black "Lupulescu, Constantin"]
[Result "1-0"]
[WhiteElo "2564"]
[BlackElo "2499"]
[Annotator "Ftacnik,L"]
[PlyCount "73"]
[EventDate "2003.11.06"]
[EventType "tourn"]
[EventRounds "11"]
[EventCountry "YUG"]
[EventCategory "10"]
[SourceTitle "CBM 099"]
[Source "ChessBase"]
[SourceDate "2004.03.30"]
[SourceVersion "1"]
[SourceVersionDate "2004.03.30"]
[SourceQuality "1"]

1. d4 Nf6 2. c4 g6 3. g3 Bg7 4. Bg2 d5 5. cxd5 Nxd5 6. e4 Nb6 7. Ne2 e5 8. d5
c6 9. Nbc3 cxd5 10. exd5 O-O 11. O-O Re8 12. b3 e4 (12... Bg4 13. Be3 Na6 14.
Qd2 Qd7 15. Rfd1 Bh3 16. Bh1 Rac8 17. Rac1 Bf5 18. d6 Bg4 19. Ne4 Rxc1 20. Rxc1
Rc8 21. N2c3 Bf5 22. Rd1 Bg4 23. f3 Bf5 24. Bxb6 axb6 25. Nd5 {1-0 Umansky,
M-Moor,R/Pfullendorf 2003/ (25)}) 13. Bb2 Bg4 {[%mdl 4] Ilincic is facing very
concrete threats as his d5 pawn is vulnerable. On the other hand black has
become aggressive before finishing his own development and that is double
edged, to say the least.} (13... Nxd5 14. Qxd5 $1 Qxd5 15. Nxd5 Bxb2 16. Nc7
Na6 17. Nxe8 Bg4 18. Rab1 Bxe2 19. Rfe1 Bd3 20. Rxb2 Rxe8 21. Rd2 $16) 14. h3
Bxe2 (14... Bxc3 $6 15. Bxc3 Bxe2 16. Qxe2 Nxd5 17. Bb2 Nd7 (17... f5 $2 18.
Rad1 Na6 19. Qc4 Nac7 20. Qd4 $18) 18. Rad1 N7b6 19. Qd2 $14) 15. Qxe2 f5 (
15... Nxd5 16. Nxe4 Nc6 17. Rfd1 $16) 16. Rad1 N8d7 (16... Bxc3 $2 17. Bxc3
Nxd5 18. Qc4 $18) 17. d6 a6 (17... Nc5 18. Nb5 Bxb2 19. Qxb2 Ne6 (19... Nd3 20.
Qd4 $16) 20. f3 $14) 18. Na4 {As a result white d pawn is strong and black has
to live without vital white squared bishop.} (18. f3 Rc8 19. Qe3 exf3 20. Qxf3
Be5 $132) 18... Rc8 (18... Nxa4 19. Qc4+ Kh8 20. Bxg7+ Kxg7 21. Qxa4 Rc8 22.
Rc1 $14) 19. Bxg7 Kxg7 20. Qb2+ Kf7 (20... Qf6 $2 21. Qxf6+ Kxf6 22. Nxb6 Nxb6
23. d7 $18) 21. f3 $1 e3 (21... Nxa4 22. bxa4 e3 23. f4 Qf6 24. Qe2 Rb8 25. Rf3
$14) 22. Rfe1 f4 (22... Nxa4 23. bxa4 Qg5 24. Qxb7 Rcd8 25. Qd5+ Kf8 26. Kh2
$14) 23. gxf4 (23. Qd4 e2 24. Qxf4+ Kg8 25. Rd2 $16) 23... Na8 $2 {This move
is so ugly, that it has to be at least dubious. Lupulescu is neglecting the
chance to put up resistance with} (23... Nf6 24. f5 $1 gxf5 25. f4 $14) 24. Qd4
Qf6 25. Qxf6+ (25. Qd5+ Qe6 26. Qxb7 e2 27. Rd3 Rc2 28. a3 $16) 25... Kxf6 26.
h4 Rc2 27. Bh3 e2 (27... b5 28. Bxd7 Rd8 29. Rxe3 Rxd7 30. Rc3 $1 Rxc3 31. Nxc3
$18) 28. Rd3 Rd8 (28... Nab6 $2 29. Nxb6 Nxb6 30. d7 Rd8 31. Rd6+ $18) 29. Nc3
{White enjoys spare pawn, better pieces and perfect target on e2- too many
pluses for black's comfort.} Nab6 30. Re3 (30. Rxe2 Rxe2 31. Nxe2 Nc5 32. Rd1
Ne6 33. Kf2 $18) 30... Nc5 31. b4 Nca4 (31... Ncd7 32. R1xe2 $18) 32. Nxa4 Nxa4
33. d7 Kf7 (33... Rc7 34. R1xe2 Rcxd7 35. Bxd7 Rxd7 36. Kf2 $18) 34. Be6+ Kf6
35. Bb3 Rc3 36. Re6+ Kf5 37. Re8 $1 1-0

[Event "Tan Chin Nam Cup 8th"]
[Site "Qingdao"]
[Date "2002.07.06"]
[Round "5"]
[White "Xu, Jun"]
[Black "Ni, Hua"]
[Result "1-0"]
[WhiteElo "2654"]
[BlackElo "2533"]
[Annotator "Ftacnik,L"]
[PlyCount "85"]
[EventDate "2002.07.04"]
[EventType "swiss"]
[EventRounds "9"]
[EventCountry "CHN"]
[SourceTitle "CBM 091"]
[Source "ChessBase"]
[SourceDate "2002.11.12"]
[SourceVersion "1"]
[SourceVersionDate "2002.11.12"]
[SourceQuality "1"]

1. d4 Nf6 2. c4 g6 3. g3 Bg7 4. Bg2 d5 5. cxd5 Nxd5 6. e4 Nb6 7. Ne2 c5 8. d5
e6 9. O-O O-O 10. Nec3 Na6 11. Na3 exd5 12. exd5 Bf5 13. Be3 c4 (13... Nc8 14.
Nc4 Nd6 15. Nxd6 Qxd6 16. g4 Bd7 17. Ne4 Qc7 18. g5 Rad8 19. Rc1 b6 20. d6 Qc8
21. Nf6+ Bxf6 22. gxf6 Bh3 {1/2-1/2 Quinteros,M-Martz,W/Torremolinos 1973/ (55)
}) (13... Qd7 14. Qd2 Bh3 (14... Rac8 15. Ncb5 Rfd8 16. Rfd1 Na4 17. b3 Nb2 18.
Nxa7 Ra8 19. N7b5 Nxd1 20. Rxd1 b6 21. d6 Rac8 22. Nc3 Bg4 23. f3 Be6 24. Nc4
Rb8 25. a4 Nb4 26. Nb5 {1/2-1/2 Chiburdanidze,M-Xie Jun/Batumi 2001/ (40)}) 15.
Rad1 Bxg2 16. Kxg2 Rfe8 17. Bh6 Nb4 18. Bxg7 Kxg7 19. Nc2 Nc4 20. Qc1 Nxc2 21.
Qxc2 Nd6 {1/2-1/2 Fominyh,A-Zilberstein,V/Voronezh 1988/ (59)}) 14. Bxb6 (14.
Bd4 Bd3 15. Bxg7 Kxg7 16. Re1 {1-0 Fedorowicz,J-Gutman,L/Paris 1989/ (16)})
14... Qxb6 (14... axb6 15. Nxc4 $16) 15. Nxc4 Qb4 16. Qe2 {White has no
ambition to hold on to an extra pawn, his goal is to benefit from the strong d
pawn.} Nc5 (16... Rfe8 17. Ne3 Rac8 18. d6 Bxc3 19. bxc3 Qxd6 20. Nxf5 gxf5 21.
Qf3 (21. Qb5 Nc5 22. Rad1 Qf6 $14) 21... Nc5 22. Qxf5 $16) 17. Rad1 Bxc3 (17...
Rfe8 18. Ne3 Bxc3 19. bxc3 Qxc3 20. Rc1 Qa5 21. Qc4 $16) 18. bxc3 Qxc3 19. Rc1
Qf6 (19... Qb4 20. Rfd1 Rfe8 21. Qd2 Nd3 22. Qxb4 Nxb4 23. Nd6 $18) 20. Rfd1
Rac8 21. Ne3 Na4 (21... Bd7 22. d6 Rfe8 23. Nd5 Qxd6 24. Qb2 $16) 22. d6 $1 {
[%mdl 64] The exchange sacrifice will help to bring the pawn to the seventh
rank.} (22. Rxc8 Bxc8 (22... Rxc8 23. d6 Nc3 24. Qb2 $16) 23. d6 Nb6 24. a4 $16
) 22... Nc3 (22... Rxc1 23. Rxc1 Qxd6 24. Nxf5 gxf5 25. Bxb7 $16) 23. Rxc3 Qxc3
(23... Rxc3 24. Nd5 Qg7 25. Ne7+ Kh8 26. Nxf5 gxf5 27. d7 Qf6 28. Qe8 $18) 24.
Nxf5 gxf5 25. d7 Rcd8 26. Bxb7 Qc7 (26... Qf6 27. a3 Qe6 28. Qxe6 fxe6 29. f4
Kf7 30. Bc8 $16) 27. Bc8 Rxc8 (27... f4 28. Qg4+ Kh8 29. Qxf4 Qxf4 30. gxf4
Rg8+ 31. Kf1 $16) 28. dxc8=Q Rxc8 {Ni Hua was not able to tolerate the
intruder forever, since both his rooks were paralysed by the d7 pawn.} (28...
Qxc8 29. Qe3 a6 30. Qg5+ Kh8 31. Qf6+ Kg8 32. Rd5 $16) 29. Qh5 Qc5 (29... f4
30. Qg5+ Kf8 31. Qf6 Kg8 32. Rd4 Qc1+ 33. Kg2 Qc6+ 34. Qxc6 Rxc6 35. Rxf4 Ra6
36. a4 $16) 30. Qg5+ Kh8 31. Qf6+ Kg8 32. h4 Re8 (32... Qc2 33. Rd8+ Rxd8 34.
Qxd8+ Kg7 35. Qd4+ Kf8 36. Qxa7 $18) 33. Rd7 Qc4 34. Qg5+ Kf8 (34... Kh8 35.
Qxf5 Re1+ 36. Kh2 Qc6 37. f3 Qg6 38. Qxg6 hxg6 39. Rxa7 $18) 35. Qxf5 Qxa2 (
35... Kg8 36. Qg5+ Kh8 37. Qf6+ Kg8 38. Rxa7 $18) 36. Qxh7 {Xu Jun has won a
pawn and due to the exposed black king the technical phase will not be
difficult.} Qa1+ 37. Kg2 Qf6 38. Qc2 a6 39. Qc5+ Kg7 (39... Re7 40. Rxe7 Qxe7
41. Qc8+ Kg7 42. Qxa6 Qe4+ 43. Kh2 Qf3 44. Qa1+ Kh7 45. Qd4 $18) 40. Rd5 Qe7
41. Qd4+ Kh7 42. Kh2 (42. Rh5+ Kg6 43. Rg5+ $18) 42... Ra8 (42... Qe4 43. Rh5+
Kg6 44. Rg5+ Kh6 45. Qg7#) 43. Qg4 1-0

[Event "Interzonal-16"]
[Site "Biel"]
[Date "1993.??.??"]
[Round "9"]
[White "Nikolic, Predrag"]
[Black "Hellers, Ferdinand"]
[Result "1-0"]
[WhiteElo "2625"]
[BlackElo "2560"]
[Annotator "Ftacnik,L"]
[PlyCount "35"]
[EventDate "1993.07.16"]
[EventType "swiss"]
[EventRounds "13"]
[EventCountry "SUI"]
[SourceTitle "CBM 037"]
[Source "ChessBase"]
[SourceDate "1993.12.01"]
[SourceVersion "1"]
[SourceVersionDate "1993.12.01"]
[SourceQuality "1"]

1. d4 Nf6 2. c4 g6 3. g3 Bg7 4. Bg2 d5 5. cxd5 Nxd5 6. e4 Nb4 7. d5 c6 8. Ne2 (
8. Nc3 cxd5 9. exd5 Bf5 10. Qa4+ N8c6 11. Nge2 Nc2+ 12. Kf1 O-O 13. dxc6 b5 14.
Qf4 Nxa1 15. g4 e5 16. Qb4 Bd3 17. Qc5 e4 $17 {Gofstein,L-Kotkov,Y/URS/1973/})
8... cxd5 9. exd5 $5 (9. a3) 9... Bf5 10. O-O $1 (10. Na3 $6 Nd3+) 10... O-O (
10... Nc2 11. g4 Nxa1 12. gxf5 O-O 13. Nbc3 $16) (10... Bc2 $2 11. Qd2) 11.
Nbc3 Nd7 $2 (11... Nc2 12. g4 Nxa1 13. gxf5 $16) (11... Qd7 $5 $14) 12. a3 Nd3
$2 (12... Na6 13. Nd4 $16) 13. g4 $1 Nxb2 (13... Nxc1 14. Nxc1 $18) 14. Bxb2
Bxg4 15. h3 Bh5 (15... Bf5 16. Ng3 $18) 16. Rb1 Ne5 17. Ne4 Nf3+ 18. Kh1 1-0

[Event "Interzonal-16"]
[Site "Biel"]
[Date "1993.??.??"]
[Round "12"]
[White "Hellers, Ferdinand"]
[Black "Ftacnik, Lubomir"]
[Result "1/2-1/2"]
[WhiteElo "2560"]
[BlackElo "2535"]
[Annotator "Ftacnik,L"]
[PlyCount "76"]
[EventDate "1993.07.16"]
[EventType "swiss"]
[EventRounds "13"]
[EventCountry "SUI"]
[SourceTitle "CBM 037"]
[Source "ChessBase"]
[SourceDate "1993.12.01"]
[SourceVersion "1"]
[SourceVersionDate "1993.12.01"]
[SourceQuality "1"]

1. d4 Nf6 2. c4 g6 3. g3 Bg7 4. Bg2 d5 5. cxd5 Nxd5 6. e4 Nb6 7. Ne2 c5 8. d5
e6 9. O-O O-O 10. Nec3 Na6 11. a4 exd5 12. exd5 Bf5 13. Na3 Nb4 14. Be3 Rc8 15.
Qd2 a5 16. Bh6 $5 $146 (16. Rfd1 Bd3 17. b3 Re8 18. Rac1 $13 {Vaganian,
R-Ftacnik,L/Naestved/1985/ Inf40/558}) 16... Bd3 (16... Bxh6 17. Qxh6 Bd3 (
17... N6xd5 18. Nxd5 Nxd5 19. Rad1 Be6 20. Nc4 Rc7 (20... Rc6 21. Qd2 $18) 21.
Bxd5 Bxd5 22. Nb6 Rd7 23. Nxd7 Qxd7 24. Qd2 Rd8 25. Qxa5 $16) 18. Rfd1 $1 c4
19. Nab5 (19. Rac1 Re8) 19... N6xd5 20. Nxd5 Nxd5 21. b3 Re8 22. Rac1 $16) 17.
Rfe1 (17. Bxg7 $5 Bxf1 (17... Kxg7 18. Rfe1 c4 19. Rad1 Qd7 $14) 18. Bxf8 Bxg2
19. Kxg2 Qxf8 20. d6 Rd8 21. Rd1 $14) (17. Rfd1 Re8 (17... c4 18. Bxg7 Kxg7 $14
) 18. Bxg7 Kxg7 19. b3 $14) 17... Bxh6 $1 18. Qxh6 N4xd5 (18... c4 19. Rad1 $16
N6xd5 $140 20. Nxd5 Nxd5 21. b3 Nc3 22. Nxc4 Nxd1 23. Rxd1 Rc7 24. Qd2 Rd7 25.
Ne5 $16) 19. Nxd5 (19. Rad1 Nxc3 20. bxc3 Rc7 21. Re3 Rd7 $13) 19... Nxd5 20.
Rad1 Nb4 $1 (20... c4 $2 21. b3 $1 Nc3 22. Nxc4 $16) 21. Bxb7 Rc7 22. Bg2 (22.
Be4 Re8 23. Re3 Rd7 24. Bf3 Rxe3 25. Qxe3 c4 $13) 22... Rd7 23. Qc1 (23. Qe3
Rd4 24. b3 Bf5 $15) (23. b3 $5 Re8 24. Rxe8+ Qxe8 25. Qc1 $10) 23... Bf5 (23...
Ba6 24. Bf1 (24. Rxd7 Qxd7 25. Qxc5 Nd3 26. Qe7 Qd4 27. Re2 Nxb2 $17 (27... Rc8
28. Nc2 Qxa4 29. Bd5)) 24... Nd3 25. Bxd3 Rxd3 26. Rxd3 Qxd3 27. Qxc5 Bb7 (
27... Rc8 28. Qe3 (28. Qxa5 $2 Bb7 29. Qb5 Qf3 30. Re8+ Kg7 31. Qe5+ Kh6 $19)
28... Qd5 $36) 28. Qe3 Qd5 29. f3 $13) 24. Rf1 (24. Rxd7 Qxd7 25. Nc4 Qxa4 $15
(25... Nd3 26. Ne5 Nxe5 27. Rxe5 Qxa4 28. Rxf5 gxf5 29. Qg5+ $10)) 24... Re8 (
24... Rd4 25. Nb5 Nd3 26. Qc3 Rxa4 27. Na7 $1 Qd4 $140 28. Nc6 Qxc3 29. Ne7+
Kh8 30. bxc3 $13) 25. Rxd7 Qxd7 26. Qxc5 Qxa4 27. Qc3 $1 (27. Qb5 $2 Qxb5 28.
Nxb5 Bd3 29. Nc7 Re2 $1 $17 (29... Rc8 30. Rc1 $13)) 27... Qd7 (27... Bd3 28.
Re1 $13) (27... Re2 28. Bf3 Na2 29. Qf6 $132) 28. Nc4 (28. Re1 $2 Rxe1+ 29.
Qxe1 Qd4 $17) 28... Rc8 29. b3 $1 Be6 (29... Bd3 30. Ra1) 30. Ra1 Qc7 31. Bf1 (
31. Qf6 Nc2 32. Ra2 Ne1 $36) 31... Bd5 32. Qf6 $1 Nc6 (32... Ba8 33. Rxa5 (33.
Nxa5 Nc2 34. Ra4 Ne1 $1) 33... Qb7 34. Rxa8 $1 Rxa8 (34... Qxa8 35. Ne5 Rc7 36.
Bc4 Qf8 37. h4 $40) 35. Nd6 Nd5 (35... Qa7 36. Nxf7 $1 Qxf7 37. Bc4 Nd5 38.
Qxf7+ Kxf7 39. Bxd5+ $18) 36. Qf3 Qe7 37. Qxd5 Rd8 38. Nf5 gxf5 39. Qxf5 $14)
33. Re1 Qd8 34. Qf4 Be6 35. h4 (35. Nd6 g5 36. Qd2 Rc7 (36... Nb4 37. Bc4 Rc6
38. Rd1 Bg4 39. Ne4 Qxd2 40. Rxd2 h6 $10) 37. Bc4 Rd7 38. Rxe6 $1 $16) 35...
Qd4 36. Qe3 (36. Qxd4 Nxd4 37. Re3 a4 38. Nb6 Rc1 $17) (36. Re4 Qd1 37. Nd6 Rf8
$13) 36... Qxe3 (36... a4 37. Nb6 Rb8 38. Nxa4 Rxb3 39. Qxd4 Nxd4 40. Rd1 $10)
37. Rxe3 Rb8 (37... Nd4 38. Nxa5 Rc1 39. Rd3 Nb5 40. Nc4 Bh3 41. Ne3) 38. Rc3
Nd4 (38... Nd4 39. Nxa5 Nxb3 40. Nxb3 Rxb3 $10) 1/2-1/2

[Event "Shenzhen"]
[Site "Shenzhen"]
[Date "1992.??.??"]
[Round "1"]
[White "Petrosian, Arshak B"]
[Black "Lin, Weiguo"]
[Result "1-0"]
[WhiteElo "2460"]
[BlackElo "2495"]
[Annotator "Ftacnik,L"]
[PlyCount "79"]
[EventDate "1992.??.??"]
[EventType "tourn"]
[EventRounds "11"]
[EventCountry "CHN"]
[EventCategory "11"]
[SourceTitle "CBM 031"]
[Source "ChessBase"]
[SourceDate "1992.12.01"]
[SourceVersion "1"]
[SourceVersionDate "1992.12.01"]
[SourceQuality "1"]

1. d4 Nf6 2. c4 g6 3. g3 Bg7 4. Bg2 d5 5. cxd5 Nxd5 6. e4 Nb6 7. Ne2 c5 8. d5
O-O 9. O-O e6 10. Nbc3 Na6 11. Nf4 e5 $6 (11... exd5 12. Nfxd5 $14) 12. Nd3 Nc4
(12... c4 13. Ne1 {/\ Be3}) 13. Qe2 Nd6 (13... Bd7 14. Nxc5 $1 Nxc5 15. Qxc4
$16) 14. f4 $1 f6 (14... exf4 15. gxf4 $16) 15. fxe5 fxe5 16. Rxf8+ Qxf8 17.
Be3 b6 18. Rf1 Qe8 19. Rd1 h5 $6 (19... Bd7 {/\ Rc8, b5}) 20. Nf2 Nc7 21. g4 $1
Ba6 (21... h4 22. Bg5 $16) (21... hxg4 22. Nxg4 Bxg4 23. Qxg4 {/\ Rf1-f3-g3})
22. Qf3 Qf7 23. gxh5 gxh5 (23... Qxf3 24. Bxf3 gxh5 25. Bxh5 $16) 24. Qg3 Rf8
25. Nh3 Qd7 26. Qg6 $1 Nc4 27. Ng5 Rf6 28. Qh7+ Kf8 29. Ne6+ $1 Nxe6 30. dxe6
Qxe6 31. Bg5 $2 $138 (31. Rd8+ Kf7 (31... Ke7 32. Qxg7+ Kxd8 33. Bg5 $18) 32.
Bg5 $18) 31... Nd6 32. Bxf6 Qxf6 33. Qxh5 Bh6 34. Nd5 Qg7 35. Kh1 Bc4 $6 36.
Nxb6 $1 Bf7 (36... axb6 37. Rxd6 $18) 37. Qh3 Qg6 38. Nd7+ Kg7 39. Nxe5 Nxe4
40. Qf3 {Ftacnik,L} 1-0